| 000 | 00722nam a2200217 a 4500 | ||
|---|---|---|---|
| 005 | 20210223124838.0 | ||
| 008 | 030227s1989 mx r 000 0 spa d | ||
| 020 | _a9684112645 | ||
| 035 | _aUPN01000122264 | ||
| 049 | _aCG | ||
| 050 | 4 |
_aF1321 _bB4.78 |
|
| 100 | 1 |
_aBerry, Charles Redmon, _d1932- |
|
| 245 | 1 | 3 |
_aLa reforma en Oaxaca : _buna microhistoria de la revolución liberal : 1856-1876 / _cCharles R. Berry ; tr. Jorge Ferreiro. |
| 260 |
_aMéxico : _bEra, _c1989. |
||
| 300 | _a295 p. | ||
| 440 | 0 |
_aProblemas de México ; _v51/1 |
|
| 534 |
_pTítulo original: _tThe reform in Oaxaca, 1956-76 |
||
| 651 | 4 |
_aOAXACA - _xHISTORIA - _y1856-1876 |
|
| 651 | 4 |
_aOAXACA - _xPOLITICA Y GOBIERNO _914858 |
|
| 905 | _aLibro | ||
| 999 |
_c94461 _d94461 |
||